[Event "Arab-ch U16 Girls"]
[Site "Amman"]
[Date "2014.08.22"]
[Round "1.4"]
[White "Mahmoud, Roaa"]
[Black "Nadeen, Alfaqeeh"]
[Result "1-0"]
[WhiteElo "1565"]
[BlackElo "1326"]
[PlyCount "107"]
[EventDate "2014.08.22"]
[EventType "swiss"]
[EventRounds "9"]
[EventCountry "JOR"]
[SourceTitle "EXT 2024"]
[Source "ChessBase"]
[SourceDate "2023.10.10"]
[SourceVersion "1"]
[SourceVersionDate "2023.10.10"]
[SourceQuality "1"]

1. d4 Nf6 2. Nf3 g6 3. Bg5 Bg7 4. e3 d6 5. Nbd2 Bf5 6. Bd3 Nbd7 7. h3 h6 8. Bh4 Bxd3 9. cxd3 g5 10. Bg3 Nd5 11. Qb3 N5b6 12. Rc1 e5 13. dxe5 dxe5 14. 0-0 Rc8 15. a4 a5 16. Qc3 Qe7 17. Qxa5 0-0 18. Qb5 c6 19. Qb3 Ra8 20. Ra1 Qd8 21. a5 Nd5 22. Qxb7 Qc7 23. Qxc7 Nxc7 24. d4 Rfe8 25. Nc4 Nd5 26. Ncxe5 Nxe5 27. Nxe5 Ra6 28. Rfc1 Nb4 29. Rc4 Bxe5 30. Bxe5 Nd3 31. b4 Nxe5 32. dxe5 Rxe5 33. Rac1 Re6 34. Rd1 Kf8 35. Rcd4 Ke7 36. Rd7+ Kf6 37. R7d6 Ke5 38. Rxe6+ Kxe6 39. Rd8 c5 40. Rh8 Kd5 41. bxc5 Kxc5 42. Rh7 Rf6 43. f3 Kb5 44. Kf2 Kxa5 45. Kg3 Kb5 46. f4 Kb4 47. h4 gxh4+ 48. Kxh4 Kc3 49. Kg4 Kd3 50. Kf3 Kc4 51. e4 Kd4 52. e5 Re6 53. Rxf7 Rb6 54. Rf6 1-0